Un paseo aleatorio por Wall Street : la estrategia para invertir con éxito /

Obra dirigida al público en general en que se explica el funcionamiento de la bolsa de valores y del sistema financiero que la sustenta en un mundo interconectado por Internet. Se orienta al lector para invertir en la bolsa de manera efectiva y para administrar su dinero con confianza. Al mismo tiem...

Полное описание

Сохранить в:
Библиографические подробности
Главный автор: Malkiel, Burton G. (autor)
Формат:
Язык:испанский
Опубликовано: Madrid, España : Alianza, 2016, c2016
Редактирование:Nueva ed.
Предметы:
Метки: Добавить метку
Нет меток, Требуется 1-ая метка записи!

MARC

LEADER 00000nam^a2200000^a^4500
001 000377703
005 20250521000000.0
009 20260310120419.051
020 |a 978-84-9104-261-7 
037 |a Acervo ITESO - Biblioteca 
041 |a ESP 
082 |a 332. 64273  |b MAL 
100 |a Malkiel, Burton G.  |e (autor) 
245 1 3 |a Un paseo aleatorio por Wall Street :  |b la estrategia para invertir con éxito /  |c B.G. Malkiel ; tr. por María Hernández Díaz. 
250 |a Nueva ed. 
264 4 |a Madrid, España :  |b Alianza,  |c 2016, c2016 
300 |a 365 p. 
336 |a texto  |b txt  |2 rdacontenido 
337 |a sin mediación  |b n  |2 rdamedio 
338 |a volumen  |b nc  |2 rdasoporte 
500 |a Traducción de: A Random Walk Down Wall Street 
520 |a Obra dirigida al público en general en que se explica el funcionamiento de la bolsa de valores y del sistema financiero que la sustenta en un mundo interconectado por Internet. Se orienta al lector para invertir en la bolsa de manera efectiva y para administrar su dinero con confianza. Al mismo tiempo, muestra las ventajas potenciales de globalización para realizar inversiones internacionales. 
649 |a XX 
650 |a Corredores de Bolsa 
650 |a Wall Street -  |x Tema Principal 
650 |a Internet -  |x Aspectos Económicos 
650 |a Globalización 
650 |a Bonos -  |z EUA 
650 |a Acciones (Títulos, Valores) -  |z EUA 
650 |a Mercado de Valores -  |z EUA -  |x Tema Principal 
650 |a Mercado de Capitales -  |z EUA 
650 |a Inversiones -  |z EUA 
650 |a Instrumentos Financieros -  |z EUA 
650 |a Sistema Financiero -  |z EUA 
650 |a Finanzas -  |z EUA 
650 |a Economía -  |z EUA 
650 |a Economía Internacional 
910 |a Fondo General 
920 |a Impresos - Libros 
930 |a Colección General 
905 |a 101 
901 |a 0500271690  |b IT1  |c ACC  |i C151537  |u 20250521 
902 |a https://opac.biblio.iteso.mx/vufind/Record/000377703